000 00717nam a2200205Ia 4500
003 OSt
005 20251208163332.0
008 220922b |||||||| |||| 00| 0 hin d
037 _cTB
040 _aARTS
_cARTS
_bhin
041 _2hin
_ahin
245 0 _aअमिट रेखॉए
246 _aAmiṭ rekhaॉe
260 _aनई दिल्ली:
_bसस्ता साहित्य मण्डल प्रकाशन,
_c1951.
300 _a246 पृ.
_ccm.
365 _b3.00
_cINR
650 _aभारतीय साहित्य
_9156264
942 _h902 152J51
_cTB
_2CC
_n0
999 _c306218
_d306218